000 00518nmm a2200181Ia 4500
008 251105s9999||||xx |||||||||||||||||und||
020 _a9789972428272
041 _aspa
100 _aLanda, César
245 0 _aConstitución política del Perú 1993
264 _a[Lima, Peru] :
_bPontificia Universidad Católica de Perú,
_c2007
300 _a220 páginas
650 _aLaw
700 _aLanda, César
700 1 _a Velasco, Carmen
856 _uhttps://public.digitaliapublishing.com/a/9746
942 _cCF
999 _c67631
_d67631